UBT Library

Technology in your world / (Record no. 1175)

000 -LEADER
fixed length control field 00473nam a22001697a 4500
008 - FIXED-LENGTH DATA ELEMENTS--GENERAL INFORMATION
fixed length control field 150925b xxu||||| |||| 00| 0 eng d
020 ## - INTERNATIONAL STANDARD BOOK NUMBER
International Standard Book Number 0827326556
041 0# - LANGUAGE CODE
Language code of text/sound track or separate title eng
080 ## - UNIVERSAL DECIMAL CLASSIFICATION NUMBER
Universal Decimal Classification number 62
100 1# - Rafti
Rafti Hacker, Michael.
245 10 - TITLE STATEMENT
Title Technology in your world /
Statement of responsibility, etc Michael Hacker, Robert A. Barden.
260 ## -
-- Albany, N.Y. :
-- Delmar Publishers,
-- 1987.
300 ## -
-- xv, 427 f. :
-- me il.;
-- 26 cm.
650 #0 -
-- Teknologjia
700 1# -
-- Barden, Robert A.
942 ## - ADDED ENTRY ELEMENTS (KOHA)
Source of classification or shelving scheme
Item type Books
Holdings
Withdrawn status Lost status Source of classification or shelving scheme Damaged status Not for loan Collection code Permanent location Current location Shelving location Date acquired Total Checkouts Full call number Barcode Date last seen Price effective from Koha item type
          Koleksioni i përgjithshem UBT - Lipjan UBT - Lipjan Koleksioni i përgjithshem 09/25/2015   62 HAC 002-007729 09/25/2015 09/25/2015 Books
          Koleksioni i përgjithshem UBT - Lipjan UBT - Lipjan Koleksioni i përgjithshem 09/25/2015   62 HAC 002-007728 09/25/2015 09/25/2015 Books
UBT Library © 2015-2024. All rights reserved University Education for Business and Technology